Business & IT vědecký recenzovaný časopis

Na minha lista:
Detalhes bibliográficos
Formato: Periódico
Idioma:tcheco
Publicado em: Praha Vysoká škola manažerské informatiky, ekonomiky a práva 2012
Assuntos:
Tags: Adicionar Tag
Sem tags, seja o primeiro a adicionar uma tag!

MARC

LEADER 00000nas2a2200000 4500
001 0227915
005 20170308110147.7
022 |a 1805-3777 
041 0 |a cze 
044 |a CZ 
245 1 0 |a Business & IT  |b vědecký recenzovaný časopis 
264 1 |a Praha  |b Vysoká škola manažerské informatiky, ekonomiky a práva  |c 2012 
500 |a Č. 1 nedodané 
773 0 |w eu_un_cat*0178064 
610 2 0 |a teórie ekonomické 
610 2 0 |a politika hospodárska 
610 2 0 |a technológie informačné 
610 2 0 |a podnikanie 
610 2 0 |a manažment 
610 2 0 |a financie 
610 2 0 |a ekonómia